| 000 | 01663cam a22004574 4500 | ||
|---|---|---|---|
| 003 | PE-LiUPU | ||
| 005 | 20250731173034.0 | ||
| 008 | 1996 miu | ||
| 020 | _a1578470021 | ||
| 035 | _a(Sirsi) i9781578470020 | ||
| 035 | _a(Sirsi) 24781 | ||
| 035 | _a(Sirsi) 24781 | ||
| 041 | _aen | ||
| 044 | _aus | ||
| 082 | 0 | 4 |
_a234.165 _bM33 |
| 100 | 1 |
_aMazat, Alberta _d1919- |
|
| 245 |
_aCaptivated by lov : _bsharing and enhancing sexuality in marriage / _cAlberta Mazat. |
||
| 264 | 1 |
_aSilver Spring, MD : _bMinistry Tools, _c1996 |
|
| 300 |
_a111 páginas : _bilustraciones ; _c23 centímetros |
||
| 505 | 0 | _aIt was on friday -- And then there is Ellen White -- What went wrong? -- A lifetime of influences -- Wonderfully made -- How it is for women -- And how it is for men -- Systems gone wrong -- In marriage only? -- Forsaking all others -- Growing older sexuality -- More than birds and bees -- Thoughts on happier honeymoons. | |
| 526 | _aSEG42 | ||
| 526 | _aSEG41 | ||
| 526 | _aSEG40 | ||
| 526 | _aSEG39 | ||
| 526 | _aP94 | ||
| 526 | _aP87 | ||
| 526 | _aP86 | ||
| 526 | _aP85 | ||
| 526 | _aP77 | ||
| 526 | _aP76 | ||
| 526 | _aP35 | ||
| 650 | 1 | 4 | _aDesórdenes sexuales |
| 650 | 1 | 4 |
_aMatrimonio _92383 |
| 650 | 1 | 4 |
_aSexo _xCristianismo |
| 942 |
_2ddc _cBOOK |
||
| 949 |
_a234.165 M33 _i48080 _lPOSTGRADO _mBUL _tLIBRO _o.STAFF. ColecciónTeología |
||
| 910 | _aaj-op | ||
| 596 | _a1 | ||
| 999 |
_a234.165 M33 _wDEWEY _c25624 _i48080 _f2021-11-10 _g5 _lCCODEBUL1 _mBUL _p30.00 _r0 _sY _tBOOK _u2015-6-24 _xTEOLOGIA _PP35 _0COMPRA _o.STAFF. Colección Teología _d25624 |
||
| 980 |
_81 _gALBERTO SANCHEZ Responsable de Automatización |
||